| 000 | 00426nam a2200133Ia 4500 | ||
|---|---|---|---|
| 008 | 231129s2015||||xx |||||||||||||| ||spa|| | ||
| 020 | _a978-958-8827-40-7 | ||
| 082 | _a306 R896c | ||
| 100 | _aRubio Samacá Adriana. | ||
| 245 | 0 | _aCultura a la medida: Análisis de la Cuenta Sátelite de Cultura de Colombia | |
| 260 | _c2015 | ||
| 264 | _aBogotá: Ministerio de Cultura. | ||
| 942 |
_2ddc _cBKS |
||
| 999 |
_c8589 _d8589 |
||